| 000 | 00728nam a22002057a 4500 | ||
|---|---|---|---|
| 999 |
_c8344 _d8344 |
||
| 003 | AR-CdUCM | ||
| 008 | 190325b ||||| |||| 00| 0 spa d | ||
| 040 |
_aMUNICIPALIDAD PROVINCIAL DEL CUSCO _cBIBLIOTECA MUNICIPAL DEL CUSCO |
||
| 082 |
_a082 / _bP86 |
||
| 100 |
_aPrieto, Adolfo _923428 |
||
| 245 | _aSociología del público argentino / | ||
| 260 |
_aBuenos Aires : _bLeviatán, _c1956. |
||
| 300 |
_a155 páginas ; _c20 cm. |
||
| 505 | _aContenido : Público, espectáculo y cultura -- Literatura y público -- El lector condicionado -- El horizonte de valores -- Intento de análisis... | ||
| 650 |
_aLiteratura _9416 |
||
| 650 |
_aCultura _9126 |
||
| 650 |
_aArgentina _9511 |
||
| 942 |
_2ddc _cLIBROS |
||
| 945 | _admma | ||